<?xml version="1.0" encoding="UTF-8"?>
<record
    xmlns:xsi="http://www.w3.org/2001/XMLSchema-instance"
    xsi:schemaLocation="http://www.loc.gov/MARC21/slim http://www.loc.gov/standards/marcxml/schema/MARC21slim.xsd"
    xmlns="http://www.loc.gov/MARC21/slim">

  <leader>01613nab a2200253   4500</leader>
  <controlfield tag="003">AR-RoBPED</controlfield>
  <controlfield tag="005">20260507102052.0</controlfield>
  <controlfield tag="008">260507b        |||||||| |||| 00| 0 spa d</controlfield>
  <datafield tag="040" ind1=" " ind2=" ">
    <subfield code="a">AR-RoBPED</subfield>
  </datafield>
  <datafield tag="041" ind1=" " ind2=" ">
    <subfield code="a">spa</subfield>
  </datafield>
  <datafield tag="100" ind1="1" ind2=" ">
    <subfield code="a">G&#xF3;mez, Gustavo R.</subfield>
    <subfield code="9">30907</subfield>
    <subfield code="e">Profesor para la Ense&#xF1;anza en el Nivel Primario y licenciado en Educaci&#xF3;n </subfield>
  </datafield>
  <datafield tag="245" ind1="1" ind2=" ">
    <subfield code="a">Espacios paralelos y perpendiculares: una experiencia innovadora para la inclusi&#xF3;n educativa /</subfield>
  </datafield>
  <datafield tag="260" ind1=" " ind2=" ">
    <subfield code="a">Buenos Aires :</subfield>
    <subfield code="b">Noveduc,</subfield>
    <subfield code="c">2023</subfield>
  </datafield>
  <datafield tag="300" ind1=" " ind2=" ">
    <subfield code="a">21-23 p.</subfield>
  </datafield>
  <datafield tag="500" ind1=" " ind2=" ">
    <subfield code="a">Se describe un proyecto implementado en una escuela primaria, que tiene en cuenta los puntos de partida de cada estudiante para garantizar sus posibilidades de proceso a la lectoescritura en el primer ciclo. El proyecto intenta constituirse en una herramienta innovadora que permita a los docentes una mejora en sus pr&#xE1;cticas ofreciendo una variedad de posibilidades de acreditaci&#xF3;n de saberes. Ante la problem&#xE1;tica planteada, se busca iniciar una reflexi&#xF3;n sobre las pr&#xE1;cticas docentes y las posibilidades de alteraci&#xF3;n de los modelos educativos por defecto que puedan dar respuestas espec&#xED;ficas a necesidades concretas de la comunidad donde se inserta la escuela.</subfield>
  </datafield>
  <datafield tag="650" ind1=" " ind2="7">
    <subfield code="a">INCLUSION EDUCATIVA</subfield>
    <subfield code="9">19761</subfield>
  </datafield>
  <datafield tag="650" ind1=" " ind2="7">
    <subfield code="a">LECTOESCRITURA</subfield>
    <subfield code="9">825</subfield>
  </datafield>
  <datafield tag="650" ind1=" " ind2="7">
    <subfield code="a">PRACTICA DOCENTE</subfield>
    <subfield code="9">1148</subfield>
  </datafield>
  <datafield tag="650" ind1=" " ind2="7">
    <subfield code="a">NIVEL PRIMARIO</subfield>
    <subfield code="9">18876</subfield>
  </datafield>
  <datafield tag="650" ind1=" " ind2="0">
    <subfield code="a">PROYECTO PEDAGOGICO</subfield>
    <subfield code="9">20478</subfield>
  </datafield>
  <datafield tag="773" ind1="0" ind2=" ">
    <subfield code="0">20414</subfield>
    <subfield code="9">41865</subfield>
    <subfield code="d">Buenos Aires :  Noveduc,  1993-</subfield>
    <subfield code="t">Novedades Educativas</subfield>
    <subfield code="w">(AR-RoBPED)20414</subfield>
    <subfield code="x">03283534</subfield>
  </datafield>
  <datafield tag="942" ind1=" " ind2=" ">
    <subfield code="2">udc</subfield>
    <subfield code="c">REV</subfield>
    <subfield code="h">37(05)</subfield>
    <subfield code="m">Nov 86 N&#xB0; 390 (Sept.2023)</subfield>
    <subfield code="a">k.32719</subfield>
  </datafield>
  <datafield tag="945" ind1=" " ind2=" ">
    <subfield code="a">mar 05/2026</subfield>
  </datafield>
  <datafield tag="999" ind1=" " ind2=" ">
    <subfield code="c">32719</subfield>
    <subfield code="d">32719</subfield>
  </datafield>
</record>
